header

Interpreting the Labour Party (Record no. 55266)

MARC details
000 -LEADER
fixed length control field 01510nam a2200349Ia 4500
082 04 - DEWEY DECIMAL CLASSIFICATION NUMBER
Classification number 324.24107
245 00 - TITLE STATEMENT
Title Interpreting the Labour Party
260 ## - PUBLICATION, DISTRIBUTION, ETC. (IMPRINT)
Place of publication Manchester ;
-- New York :
Name of publisher Manchester University Press ;
Place of publication New York :
Name of publisher Distributed exclusively in the USA by Palgrave,
Year of publication 2003.
300 ## - PHYSICAL DESCRIPTION
Number of Pages x, 210 p.
500 ## - GENERAL NOTE
General note Selected papers from a conference in Manchester, July 2001.
650 #0 - SUBJECT ADDED ENTRY--TOPICAL TERM
Topical Term Political science.
700 1# - ADDED ENTRY--PERSONAL NAME
Personal name Callaghan, John
Personal name Fielding, Steven,
Personal name Ludlam, Steve,
856 40 - ELECTRONIC LOCATION AND ACCESS
Uniform Resource Identifier http://site.ebrary.com/lib/rucke/Doc?id=10082128

No items available.

© 2026 Rongo University
Contact us: librarian | system librarian | Rongo university